|
|
|
|
| LEADER |
00736cam a2200193 7i4500 |
| 001 |
0000001708 |
| 005 |
20191017090000.0 |
| 020 |
|
|
|a 0534953239 (hbk.)
|
| 090 |
0 |
0 |
|a KF902
|b .S94 1999
|
| 100 |
1 |
|
|a Sweet, Justin
|
| 245 |
1 |
0 |
|a Legal aspects of architecture, engineering and the construction process
|c Justin Sweet.
|
| 250 |
|
|
|a 6th ed.
|
| 260 |
|
|
|a Pacific Grove:
|b Books/Cole Pub.,
|c 2000.
|
| 300 |
|
|
|a xxiv, 991 p.:
|b ill.;
|c 23 cm.
|
| 650 |
0 |
0 |
|a Engineering contracts --
|z United States
|
| 650 |
0 |
0 |
|a Architectural contracts --
|z United States
|
| 650 |
0 |
0 |
|a Construction contracts --
|z United States
|
| 997 |
|
|
|a Engineering & Life Sciences, Faculty
|b Engineering, Department
|
| 999 |
|
|
|a 0000002692
|b BOK
|c OPEN SHELF
|e 1st Floor, Bestari Jaya
|